| 000 | 00565nam a2200229 4500 | ||
|---|---|---|---|
| 001 | 43170 | ||
| 010 | _a9895500246 | ||
| 090 | _a43170 | ||
| 100 | _a20030703d2002 k y0pory5003 ba | ||
| 101 | 1 | _apor | |
| 102 | _aPT | ||
| 200 | 1 |
_aAves _fescrito e editado Samantha Gray e Sarah Walker |
|
| 210 |
_aPorto _cCivilizacão _dcop. 2002 |
||
| 215 |
_a48 p. _cil |
||
| 225 | 2 | _aMundo fantástico | |
| 304 | _aTrad. de: Birds | ||
| 675 | _a598.2 | ||
| 675 |
_a55/59 _vBN _zpor |
||
| 700 | 1 |
_aGray _bSamantha |
|
| 701 | 1 |
_aWalker _bSarah _4070 |
|
| 801 | 0 |
_aPT _bESEC _gRPC |
|
| 990 | _cLIVROS | ||